000 01004nam a2200301Ia 4500
001 18351
003 IT-RoPAU
008 130308s9999 xx 000 0 und d
040 _aIT-RoPAU
040 _cIT-RoPAU
041 _aFRANCESE
100 _aPollock Jean-Yves
100 _gCodice Aut. SPICS: 12921
245 _aComment legitimer une innovation theorique en grammaire transformationnelle: la theorie des traces
245 _bArgumentation et Discours Scientifique
250 _a1a ed.
260 _aPARIS
260 _bDidier/Larousse
260 _c1976 [1° Ed.:1976 - Ed.Ling.Originale:1976]
300 _a"34 p. (prefazione: no ; testo: 34 [pagine: 77-110])"
500 _aTeoria delle Tracce innovazione Teorica nella Grammatica Trasformazionaleteorie delle Tracce e Fenomeni Fono Sintattici Teoria delle Tracce e Interpretazione Semantica
650 _aLINGUISTICA
650 _eCodice materia Spics: 3201
942 _cBK
957 _71
999 _c39166
_d39166
999 _bSI
999 _g1